Key technologies for the 21st century.

Bibliographic Details
Format: Book
Language:English
Published: New York : W.H. Freeman, [1996]
Subjects:

MARC

Tag First Indicator Second Indicator Subfields
LEADER 00000cam a22000008a 4500
001 in00001291981
005 20151004094258.0
008 951101s1996 nyu b 001 0 eng
010 |a  95049200  
020 |a 0716729482 (soft cover) 
035 |a (OCoLC)33819035 
035 |9 AGZ9242AM 
040 |a DLC  |c DLC  |d IAI  |d TXA  |d UtOrBLW 
049 |a TXAM  
050 0 0 |a T173.8  |b .K49 1996 
082 0 0 |a 601/.12  |2 20 
245 0 0 |a Key technologies for the 21st century. 
246 3 |a Key technologies for the twenty-first century 
263 |a 9602 
264 1 |a New York :  |b W.H. Freeman,  |c [1996] 
264 4 |c ©1996 
300 |a xiii, 174 pages :  |b illustrations (some color) ;  |c 24 cm. 
336 |a text  |b txt  |2 rdacontent 
337 |a unmediated  |b n  |2 rdamedia 
338 |a volume  |b nc  |2 rdacarrier 
500 |a On title page: Scientific American, a special issue. 
504 |a Includes bibliographical references and index. 
650 0 |a Technological innovations. 
730 0 |a Scientific American.  |p Special issue. 
999 |a MARS 
999 f f |s b7876f7a-7098-3306-88a1-d8fec1e0edf8  |i 657fbebf-fde2-3e8c-976f-d71db30c392c  |t 0 
952 f f |p ric  |a Texas A&M University  |b Rellis Campus  |c Joint Library Facility  |d Remote Storage  |t 0  |e T173.8 .K49 1996  |h Library of Congress classification  |i unmediated -- volume  |m A14819954344 
998 f f |a T173.8 .K49 1996  |t 0  |l Remote Storage